000 00536 a2200169 4500
020 _a 8129706504
082 _a621.381
090 _c4115
_d4115
100 _a Zwolin´ski, Mark
245 _aDigital system design with VHDL
_cMark, Zwolin´ski.
250 _a2nd ed.
260 _aNew Delhi :
_bPearson Education Ltd.,
_c 2004.
300 _axiii,368 p. :
_bill. ;
_c24 cm.
500 _aIncludes Index
650 _a1.Digital electronics--Data processing.2.VHDL (Computer hardware description language)
942 _cBK
_k621.381 ZWO
999 _c8011
_d8011